00506cam a22002171 4500001001300000003000400013005001700017008004100034010001700075035002000092040001800112042001200130050001600142100003300158245002700191260000900218300001900227500001300246650001200259999001700271sa 66007648 DLC20260227112306.0890926s1965 xx 000 0 urd  asa 66007648  a(OCoLC)23539470 aDLCcMiUdDLC apremarc00aBP193b.S551 aSiddiqi, Ozair Ahmed,d1919-10aSabāā sabz bāgh. c1965 a208 p.c22 cm. aIn Urdu. 0aShiites c71306d71306